[Event "HUN-chT2 Barcza 1415"]
[Site "Hungary"]
[Date "2015.03.01"]
[Round "?"]
[White "Janecsko, Pal"]
[Black "Szanto, Imre"]
[Result "0-1"]
[WhiteElo "1553"]
[BlackElo "1780"]
[PlyCount "76"]
[EventDate "2014.09.07"]
[EventType "team-tourn"]
[EventRounds "11"]
[EventCountry "HUN"]
[SourceTitle "EXT 2016"]
[Source "ChessBase"]
[SourceDate "2015.10.08"]
[SourceVersion "1"]
[SourceVersionDate "2015.10.08"]
[SourceQuality "1"]
[WhiteTeam "Tiszavasvar"]
[BlackTeam "Hajduszoboszlo"]
[WhiteTeamCountry "HUN"]
[BlackTeamCountry "HUN"]

1. e4 e6 2. f4 d5 3. e5 d4 4. Nf3 b6 5. b3 Bb7 6. Bb2 c5 7. Bd3 Ne7 8. 0-0 g6 9. Na3 Nd5 10. g3 Nc6 11. Nc4 b5 12. Na3 a6 13. Qe2 h5 14. c3 Qb6 15. Qf2 Rd8 16. Rad1 Be7 17. Kh1 Nc7 18. Be4 Qa5 19. Bb1 h4 20. g4 d3 21. h3 Nd5 22. Nh2 c4 23. b4 Qc7 24. Rde1 Rd7 25. Qg2 Nxe5 26. Kg1 Nxf4 27. Rxf4 Bxg2 28. Kxg2 0-0 29. Ref1 Bg5 30. R4f2 Qc6+ 31. Nf3 Nxf3 32. Rxf3 Bxd2 33. Bc1 Bxc1 34. Rxc1 Qe4 35. Rcf1 f5 36. g5 f4 37. R1f2 Qe5 38. Kh2 Qxc3 0-1

[Event "HUN-chT2 Barcza 1314"]
[Site "Hungary"]
[Date "2014.02.02"]
[Round "6"]
[White "Jakab, Benjamin"]
[Black "Janecsko, Pal"]
[Result "1-0"]
[WhiteElo "1817"]
[BlackElo "1592"]
[PlyCount "99"]
[EventDate "2013.09.08"]
[EventType "team-tourn"]
[EventRounds "11"]
[EventCountry "HUN"]
[SourceTitle "EXT 2016"]
[Source "ChessBase"]
[SourceDate "2015.10.08"]
[SourceVersion "1"]
[SourceVersionDate "2015.10.08"]
[SourceQuality "1"]
[WhiteTeam "Debrecen Sakkiskola"]
[BlackTeam "Tiszavasvar"]
[WhiteTeamCountry "HUN"]
[BlackTeamCountry "HUN"]

1. d4 d5 2. Nf3 Nf6 3. c4 e6 4. Nc3 Nbd7 5. Bg5 Be7 6. e3 h6 7. Bh4 c5 8. cxd5 exd5 9. dxc5 Nxc5 10. Be2 Be6 11. 0-0 0-0 12. Nd4 a6 13. a3 Nce4 14. Qd3 Nxc3 15. Qxc3 Qd7 16. Qc1 Rac8 17. Qd1 Rc7 18. Bg3 Bd6 19. Bxd6 Qxd6 20. b4 b5 21. Bxb5 axb5 22. Nxb5 Qd7 23. Nxc7 Qxc7 24. h3 Ne4 25. Rc1 Qd6 26. Qd4 Ra8 27. Ra1 Bf5 28. Rfd1 Rd8 29. a4 Qg6 30. Kf1 Rc8 31. Rac1 Rd8 32. b5 Qd6 33. Kg1 Qg6 34. Rc6 Qg5 35. Kf1 Qh4 36. Qb2 Be6 37. a5 Bd7 38. Rb6 Qh5 39. Rd4 Qf5 40. a6 Ra8 41. Ra4 Nc5 42. Ra3 Qe4 43. a7 Qc4+ 44. Kg1 Na4 45. Rb8+ Bc8 46. Rxa4 Qxa4 47. Rxa8 Qc4 48. Rxc8+ Qxc8 49. Qa1 Qa8 50. b6 1-0